[Event "Eschborn op"]
[Site "Eschborn"]
[Date "2019.08.18"]
[Round "5.21"]
[White "Westhof, Benedikt"]
[Black "Westphal, Frank"]
[Result "1/2-1/2"]
[WhiteElo "1711"]
[BlackElo "1906"]
[PlyCount "20"]
[EventDate "2019.08.16"]
[EventType "swiss"]
[EventRounds "5"]
[EventCountry "GER"]
[SourceTitle "EXT 2024"]
[Source "ChessBase"]
[SourceDate "2023.10.10"]
[SourceVersion "1"]
[SourceVersionDate "2023.10.10"]
[SourceQuality "1"]

1. d4 d5 2. c4 Nc6 3. cxd5 Qxd5 4. Nf3 e5 5. Nc3 Bb4 6. Bd2 Bxc3 7. Bxc3 e4 8. Ne5 Nge7 9. e3 Nxe5 10. dxe5 Be6 1/2-1/2

[Event "Eschborn op"]
[Site "Eschborn"]
[Date "2019.08.17"]
[Round "2.17"]
[White "Westhof, Benedikt"]
[Black "Richter Haebich, Dorothea"]
[Result "1-0"]
[WhiteElo "1711"]
[BlackElo "1237"]
[PlyCount "70"]
[EventDate "2019.08.16"]
[EventType "swiss"]
[EventRounds "5"]
[EventCountry "GER"]
[SourceTitle "EXT 2024"]
[Source "ChessBase"]
[SourceDate "2023.10.10"]
[SourceVersion "1"]
[SourceVersionDate "2023.10.10"]
[SourceQuality "1"]

1. d4 Nf6 2. c4 c5 3. d5 g6 4. Nc3 d6 5. e4 Bg7 6. Nf3 0-0 7. Bd3 Bg4 8. h3 Bxf3 9. Qxf3 Nbd7 10. Qe2 Re8 11. Bf4 Qb6 12. 0-0 e6 13. Qd2 Nh5 14. Bh2 a6 15. Rab1 Bd4 16. Kh1 Be5 17. Bc2 Qd8 18. Ba4 Rf8 19. Bxd7 Qxd7 20. dxe6 Bxc3 21. exf7+ Rxf7 22. Qxc3 Raf8 23. f3 Ng7 24. Rbd1 Ne8 25. e5 Qc6 26. exd6 Rd7 27. Rd5 b5 28. Rfd1 b4 29. Qe3 Nf6 30. Rxc5 Qa4 31. Qb3 Qxb3 32. axb3 Rfd8 33. Ra5 Ra8 34. c5 Ne8 35. c6 Rxd6 1-0

[Event "Eschborn op"]
[Site "Eschborn"]
[Date "2019.08.16"]
[Round "1.9"]
[White "Reichel, Jonathan"]
[Black "Westhof, Benedikt"]
[Result "1-0"]
[WhiteElo "2096"]
[BlackElo "1711"]
[PlyCount "55"]
[EventDate "2019.08.16"]
[EventType "swiss"]
[EventRounds "5"]
[EventCountry "GER"]
[SourceTitle "EXT 2024"]
[Source "ChessBase"]
[SourceDate "2023.10.10"]
[SourceVersion "1"]
[SourceVersionDate "2023.10.10"]
[SourceQuality "1"]

1. e4 e5 2. Nf3 Nf6 3. Nc3 Bb4 4. Bc4 d6 5. a3 Ba5 6. b4 Bb6 7. d3 Bg4 8. Na4 Nbd7 9. Nxb6 Nxb6 10. Bb3 0-0 11. h3 Be6 12. c4 Nbd7 13. Ng5 c6 14. 0-0 Qc7 15. f4 exf4 16. Bxf4 c5 17. d4 cxd4 18. Qxd4 Ne5 19. Nxe6 fxe6 20. c5 Rae8 21. cxd6 Nc6 22. Qc5 Qb6 23. Qxb6 axb6 24. e5 Nd7 25. Rae1 Nd4 26. Bd1 Rf5 27. Re4 Nb5 28. Ba4 1-0

[Event "Hessen-chB"]
[Site "Frankfurt"]
[Date "2019.06.01"]
[Round "6"]
[White "Adamczyk, Matthias"]
[Black "Westhof, Benedikt"]
[Result "1-0"]
[WhiteElo "1949"]
[BlackElo "1655"]
[PlyCount "91"]
[EventDate "2019.05.30"]
[EventType "swiss"]
[EventRounds "7"]
[EventCountry "GER"]
[SourceTitle "EXT 2020"]
[Source "ChessBase"]
[SourceDate "2019.10.17"]
[SourceVersion "1"]
[SourceVersionDate "2019.10.17"]
[SourceQuality "1"]

1. d4 Nf6 2. c4 e5 3. d5 Bc5 4. e3 d6 5. Nc3 0-0 6. h3 c6 7. Nf3 cxd5 8. cxd5 a6 9. Bd3 Bb4 10. e4 Nbd7 11. Be3 Qa5 12. Qc2 Nc5 13. 0-0 Bd7 14. Bd2 Rac8 15. a3 Bxc3 16. Bxc3 Nxd3 17. Qxd3 Bb5 18. Qe3 Qa4 19. Rfe1 Bc4 20. Bb4 Rfd8 21. Nd2 Qe8 22. Ba5 Bb5 23. Bxd8 Qxd8 24. Rac1 Nd7 25. b4 a5 26. bxa5 Nc5 27. Nb3 Nd3 28. Rxc8 Qxc8 29. Rf1 h6 30. Qb6 Bd7 31. Qe3 Nf4 32. Kh2 Qd8 33. Rg1 g5 34. Qb6 Qe7 35. Qxb7 g4 36. Qb6 Qh4 37. Qe3 Kh7 38. Qg3 Qh5 39. Nc1 gxh3 40. gxh3 Qxh3+ 41. Qxh3 Nxh3 42. Rg3 Nxf2 43. a6 Bc8 44. a7 Bb7 45. Rf3 Ng4+ 46. Kg3 1-0

[Event "Hessen-ch U17 op"]
[Site "Bad Homburg"]
[Date "2015.03.30"]
[Round "3"]
[White "Volkov, Michael"]
[Black "Westhof, Benedikt"]
[Result "1/2-1/2"]
[WhiteElo "1282"]
[BlackElo "1028"]
[PlyCount "58"]
[EventDate "2015.03.30"]
[EventType "swiss"]
[EventRounds "7"]
[EventCountry "GER"]
[SourceTitle "EXT 2017"]
[Source "ChessBase"]
[SourceDate "2016.10.25"]
[SourceVersion "1"]
[SourceVersionDate "2016.10.25"]
[SourceQuality "1"]

1. e4 e5 2. Nf3 Nc6 3. Bc4 g6 4. Nc3 Bg7 5. d3 Nf6 6. Bg5 d6 7. Nd5 Na5 8. Nxf6+ Bxf6 9. Bxf6 Qxf6 10. Bb3 Bg4 11. h3 Bxf3 12. Qxf3 Qxf3 13. gxf3 Nxb3 14. axb3 Rf8 15. h4 f5 16. h5 g5 17. Rg1 h6 18. b4 fxe4 19. fxe4 Rf4 20. Rh1 Kd7 21. Ke2 a6 22. Raf1 Raf8 23. f3 Ke6 24. c3 c6 25. Rhg1 Rh4 26. Rh1 Rhf4 27. c4 c5 28. bxc5 dxc5 29. Rh3 a5 1/2-1/2